000 01154nas a2200373 4500
001 BR2014003017
003 BR-BrBNA
005 20231205124012.0
007 ta
008 230509b bl.|||p| |||| 00| 00por d
040 _aBR-BrBNA
_bpor
_cBiblioteca Nacional de Agricultura
041 _a(Pt)
072 _aL72
100 1 _aTavares, P.V.
100 1 _aCarneiro, M.B.
100 1 _aSantos, E.C.F. dos
100 1 _aVieira, V.S.F.
100 1 _aVerocai, G.G.
100 1 _aRibeiro, F. de A.
100 1 _aCorreia, T.R.
100 1 _aScott, F.B.
245 1 _aInterferência de diferentes desinfetantes na viabilidade e desenvolvimento de ovos e na migração larvar de Toxocara cati (Schrank, 1788)em camundongos
650 _aCAMUNDONGO
650 _aNEMATÓIDE
650 _aPARASITO DE ANIMAL
650 _aOVO
650 _aLARVA
650 _aSAÚDE PÚBLICA
650 _aINFECÇÃO
650 _aDESINFETANTE
773 0 _tRevista Brasileira de Medicina Veterinária (Brazil)
_xISSN 0100-2430
_g(Dec 2012), v. 34(supl. 1) p. 31-40
_wBR2014003017
909 _a202311
_bLúcia
_c55
_dLúcia Elande
942 _2AGRIS
_n0
_cANA
999 _c236846
_d236846